Uso de los recursos didácticos y tecnológicos del área de ciencias sociales en la formación docente, Caso Recinto Juan Vicente Moscoso (Record no. 736)
[ view plain ]
| 000 -LEADER | |
|---|---|
| campo de control de longitud fija | 02497nam a2200553Ia 4500 |
| 001 - NÚMERO DE CONTROL | |
| campo de control | 813 |
| 008 - DATOS DE LONGITUD FIJA--INFORMACIÓN GENERAL | |
| campo de control de longitud fija | 241029s9999 xx 000 0 und d |
| 010 ## - NÚMERO DE CONTROL DE LA BIBLIOTECA DEL CONGRESO | |
| Número de control de LC | 736 |
| 041 ## - CÓDIGO DE IDIOMA | |
| Código de lengua del texto/banda sonora o título independiente | Español |
| 082 ## - NÚMERO DE LA CLASIFICACIÓN DECIMAL DEWEY | |
| Número de clasificación | N/A |
| 245 #0 - MENCIÓN DEL TÍTULO | |
| Título | Uso de los recursos didácticos y tecnológicos del área de ciencias sociales en la formación docente, Caso Recinto Juan Vicente Moscoso |
| 260 ## - PUBLICACIÓN, DISTRIBUCIÓN, ETC. | |
| Lugar de publicación, distribución, etc. | San Pedro de Macorís |
| 300 ## - DESCRIPCIÓN FÍSICA | |
| Extensión | 68 |
| 520 ## - RESUMEN, ETC. | |
| Sumario, etc. | 37 |
| 520 ## - RESUMEN, ETC. | |
| Sumario, etc. | Este estudio tuvo como objetivo general evaluar el uso de los recursos didácticos y tecnológicos del área de ciencias sociales en la formación docente del recinto Juan Vicente Moscoso. Se realizó de manera descriptiva. Contó con una población de 3 docentes formadores del área de Ciencias Sociales y 86 estudiantes del 5to cuatrimestre de la Licenciatura en Educación Básica.Algunas de las conclusiones a las que arribo la investigación fueron que los docentes formadores utilizan diversos recursos didácticos en sus intervenciones y que la mayoría de los estudiantes tienen la percepción de que cuando los docentes utilizan recursos Didácticos y Tecnológicos sus aprendizajes son más significativos. Basados en los resultados anteriores los investigadores recomiendan que es necesario la implementación de nuevos recursos Didácticos y Tecnológicos al proceso de enseñanza- aprendizaje en la formación docente del recinto Juan Vicente Moscoso. |
| 630 ## - PUNTO DE ACCESO ADICIONAL DE MATERIA--TÍTULO UNIFORME | |
| Título uniforme | Competencias |
| 630 ## - PUNTO DE ACCESO ADICIONAL DE MATERIA--TÍTULO UNIFORME | |
| Título uniforme | Recursos Didácticos |
| 630 ## - PUNTO DE ACCESO ADICIONAL DE MATERIA--TÍTULO UNIFORME | |
| Título uniforme | Tecnología Educativa |
| 650 ## - PUNTO DE ACCESO ADICIONAL DE MATERIA--TÉRMINO DE MATERIA | |
| Término de materia o nombre geográfico como elemento de entrada | Recursos Didácticos |
| 690 ## - PUNTO DE ACCESO ADICIONAL DE MATERIA LOCAL--TÉRMINO DE MATERIA (OCLC, RLIN) | |
| Término de materia o nombre geográfico como elemento inicial | Sintetizado |
| 700 ## - ENTRADA AGREGADA--NOMBRE PERSONAL | |
| Término indicativo de función/relación | asesor |
| Nombre de persona | Cabrera, Argentina |
| 700 ## - ENTRADA AGREGADA--NOMBRE PERSONAL | |
| Término indicativo de función/relación | autor |
| Nombre de persona | Méndez Adams , Kimberlee Esther |
| 700 ## - ENTRADA AGREGADA--NOMBRE PERSONAL | |
| Término indicativo de función/relación | autor |
| Nombre de persona | Serrano Santana, José Antonio |
| 901 ## - ELEMENTOS DE DATOS A LOCAL LDA (RLIN) | |
| a | {"1":"Méndez Adams ","2":"Serrano Santana"} |
| b | {"1":"Kimberlee Esther ","2":"José Antonio "} |
| 902 ## - ELEMENTOS DE DATOS B LOCAL, LDB (RLIN) | |
| a | 1 |
| 903 ## - ELEMENTOS DE DATOS C LOCAL, LDC (RLIN) | |
| a | {"1":"Cabrera"} |
| b | {"1":"Argentina "} |
| 904 ## - ELEMENTOS DE DATOS D LOCAL, LDD (RLIN) | |
| a | Maestría en |
| 905 ## - ELEMENTOS DE DATOS E LOCAL, LDE (RLIN) | |
| a | Ciencias Sociales |
| 906 ## - ELEMENTOS DE DATOS F LOCAL, LDF (RLIN) | |
| a | 1 |
| 907 ## - ELEMENTOS DE DATOS G LOCAL, LDG (RLIN) | |
| a | Orientada en |
| 908 ## - COLOCAR PARÁMETRO DE COMANDO (RLIN) | |
| Colocar parámetro de comando | Investigación y Enseñanza |
| 909 ## - | |
| -- | ISFODOSU, Recinto Juan Vicente Moscoso |
| 910 ## - DATOS DE OPCIÓN DEL USUARIO (OCLC) | |
| Datos de opción del usuario | NULL |
| -- | NULL |
| 911 ## - EQUIVALENCIA O REFERENCIA-CRUZADA-NOMBRE DE CONFERENCIA O REUNIÓN/CONGRESO [LOCAL, CANADÁ] | |
| Nombre de congreso/reunión o jurisdicción como elemento de entrada | ["1"] |
| 912 ## - | |
| -- | NO APLICA |
| 913 ## - | |
| -- | NULL |
| 914 ## - | |
| -- | 01 de Mayo de 2012 |
| 915 ## - | |
| -- | 17/09/14 10:09 |
| 916 ## - | |
| -- | NULL |
| 917 ## - | |
| -- | NULL |
| 918 ## - | |
| -- | NO APLICA |
| 919 ## - | |
| -- | ["40","175","191"] |
| 921 ## - | |
| -- | 2 |
| 922 ## - | |
| -- | 2 |
| 923 ## - | |
| -- | 0 |
| 924 ## - | |
| -- | NO APLICA |
| 942 ## - ELEMENTOS DE ENTRADA SECUNDARIOS (KOHA) | |
| Tipo de ítem Koha | |
No items available.